000 00724nam a2200265Ia 4500
003 OSt
005 20221006140716.0
006 a|||||r|||| 00| 0
007 ta
008 221006b |||||||| |||| 00| 0 jpn d
020 _c¥571
024 _a436
037 _bGift, Japan Foundation
_cTextual
040 _aEASL
_cEASL
_bjpn
041 _2jpn
_ajpn
082 _aY15:4.42, N7
100 _aAJIA JOSEI SHIRYO SENTA- Ed.
_9643256
245 0 _aIanfu mondai Q & A
260 _aTokyo
_bAkashi Shoten Japan
_c1997
300 _a64p.
_ccm.
490 _v JL
650 _aJL
942 _hY15:4.42, N7
_cTEXL
_2CC
999 _c1068523
_d1068523